[Event "Nikaia op 14th"]
[Site "Nikaia"]
[Date "2006.08.??"]
[Round "4"]
[White "Oxi Ponirakis, Dimitrios"]
[Black "Koutsogiannis, Efthymios"]
[Result "1-0"]
[WhiteElo "2026"]
[BlackElo "1835"]
[PlyCount "65"]
[EventDate "2006.08.??"]
[EventType "swiss"]
[EventRounds "9"]
[EventCountry "GRE"]
[SourceTitle "EXT 2008"]
[Source "ChessBase"]
[SourceDate "2007.11.25"]
[SourceVersion "1"]
[SourceVersionDate "2007.11.25"]
[SourceQuality "1"]

1. d4 d5 2. Nf3 Nf6 3. g3 g6 4. Bg2 Bg7 5. 0-0 0-0 6. Nbd2 Nc6 7. c4 dxc4 8. Nxc4 Be6 9. b3 Ne4 10. Bb2 Nb4 11. Nfe5 f5 12. f3 Nf6 13. e4 c6 14. a3 Na6 15. Qc2 Rc8 16. Kh1 Nc7 17. Ne3 fxe4 18. fxe4 Kh8 19. Rad1 Nd7 20. Rxf8+ Qxf8 21. Nxd7 Bxd7 22. Rf1 Qg8 23. Nc4 Be6 24. Qe2 Nb5 25. d5 Bd7 26. Ne5 Be8 27. Bh3 cxd5 28. Bxc8 Nd6 29. Bd7 dxe4 30. Bxe8 Qxe8 31. Ng4 e5 32. Nf6 Qe6 33. Nxe4 1-0